000 00586nam a22001697a 4500
005 20251108172544.0
008 250721s9999 xx 000 0 ara d
082 1 4 _aم/213.63/غاف
100 1 _aالغافقي، محمد بن عبدالواحد بن إبراهيم
245 1 0 _aكتاب لمحات الأنوار ونفحات الأزهار رووي الظمآن /
264 1 _aبيروت :
_bدار البشائر الإسلامية،
300 _aج
650 1 7 _aالعلوم القرآنية
650 1 7 _aفضائل القرآن
942 _2ddc
_cREF
999 _c82394
_d82394